European capital cities - Map Quiz - Statistics

General Stats
  • This quiz has been taken 92 times
  • The average score is 36 of 45
Answers on the Map
Answers color-coded by a green-red scale on the quiz's map according to % correct below.
 
Answer Stats
Answers % Correct
London
100%
Madrid
100%
Paris
100%
Lisbon
98%
Berlin
96%
Oslo
96%
Rome
96%
Rome
96%
Dublin
94%
Moscow
94%
Stockholm
92%
Athens
90%
Helsinki
90%
Amsterdam
88%
Bern
88%
Brussels
88%
Copenhagen
88%
Kyiv
88%
Reykjavik
88%
Warsaw
88%
Vienna
86%
San Marino
84%
Sofia
84%
Budapest
82%
Prague
82%
Luxembourg
80%
Monaco
80%
Minsk
78%
Riga
76%
Tallinn
75%
Zagreb
75%
Vilnius
73%
Andorra la Vella
71%
Bucharest
71%
Sarajevo
63%
Bratislava
61%
Belgrade
59%
Valletta
59%
Ljubljana
57%
Skopje
55%
Tirana
53%
Vaduz
53%
Chișinău
47%
Podgorica
47%
Pristina
41%
No matching quizzes found
Score Distribution
Percent of People with Each Score
Percentile by Number Answered
Your Score History
You have not taken this quiz